Cơ sở lý thuyết và ứng dụng các quá trình chiết

שמור ב:
מידע ביבליוגרפי
מחבר ראשי: Nguyễn Thị Tố Nga
פורמט: ספר
שפה:Undetermined
יצא לאור: Tp. HCM Trường Đại học Tổng hợp Tp. HCM 1995
נושאים:
תגים: הוספת תג
אין תגיות, היה/י הראשונ/ה לתייג את הרשומה!
Thư viện lưu trữ: Trung tâm Học liệu Trường Đại học Cần Thơ
LEADER 00559nam a2200169Ia 4500
001 CTU_35567
008 210402s9999 xx 000 0 und d
082 |a 543.08 
082 |b Ng100 
100 |a Nguyễn Thị Tố Nga 
245 0 |a Cơ sở lý thuyết và ứng dụng các quá trình chiết 
245 0 |c Nguyễn Thị Tố Nga 
260 |a Tp. HCM 
260 |b Trường Đại học Tổng hợp Tp. HCM 
260 |c 1995 
650 |a chemistry, analytic 
980 |a Trung tâm Học liệu Trường Đại học Cần Thơ